Pittsburgh International Airport (PIT) Destinations - Statistics

General Stats
  • This quiz has been taken 69 times
  • The average score is 55 of 64
Answer Stats
Hint Airlines Answer % Correct
U.S. (Georgia) Delta, Southwest Atlanta
100%
U.S. (Massachusetts) Delta, JetBlue Boston
100%
U.S. (Texas) American Dallas/Fort Worth
100%
U.S. (Texas) Southwest Dallas (Love Field)
100%
U.S. (Texas) United Houston (Bush)
100%
U.S. (Texas) Southwest Houston (Hobby)
100%
U.S. (New York) American, Delta New York City (JFK)
100%
U.S. (New York) American, Delta New York City (LaGuardia)
100%
U.S. (Illinois) Southwest Chicago (Midway)
98%
U.S. (Illinois) American, United Chicago (O'Hare)
98%
U.S. (Louisiana) Southwest, Allegiant New Orleans
98%
U.S. (Pennsylvania) American Philadelphia
98%
Canada (Ontario) Air Canada Toronto
98%
U.S. (Texas) Southwest, Allegiant Austin
96%
U.S. (Maryland) Southwest, Boutique Baltimore
96%
U.S. (South Carolina) United, Allegiant, Breeze Airways Charleston
96%
U.S. (North Carolina) American Charlotte
96%
U.S. (Colorado) United, Southwest, Frontier Denver
96%
U.S. (Michigan) Delta Detroit
96%
U.S. (Nevada) Southwest, Spirit Las Vegas
96%
U.S. (Florida) Allegiant Melbourne
96%
U.S. (Minnesota) Delta Minneapolis
96%
U.S. (New Jersey) United Newark
96%
U.S. (Florida) American, Southwest, Spirit, Frontier Orlando
96%
U.S. (Arizona) American, Southwest Phoenix
96%
U.S. (Florida) Allegiant Sanford
96%
U.S. (Florida) Southwest, Spirit Tampa
96%
U.S. (Indiana) Contour Indianapolis
94%
U.S. (California) Spirit Los Angeles
94%
U.S. (Arizona) Allegiant Mesa
94%
U.S. (Wisconsin) Contour Milwaukee
94%
Canada (Quebec) Air Canada Montreal
94%
U.S. (Tennessee) Southwest, Allegiant Nashville
94%
U.S. (Washington) Alaska Seattle
94%
U.S. (Name of City) United Washington (Dulles)
94%
U.S. (Name of City) American Washington (National)
94%
U.S. (Florida) American, Southwest Miami
92%
U.S. (Rhode Island) Breeze Airways Providence
92%
U.S. (Missouri) Southwest St. Louis
92%
U.S. (Connecticut) Breeze Airways Hartford
90%
U.S. (Utah) Delta Salt Lake City
90%
U.S. (Maine) United Portland
88%
U.S. (North Carolina) American Raleigh
88%
U.S. (Florida) Southwest, Spirit Fort Lauderdale
86%
Mexico (Quintana Roo) Southwest, Spirit Cancun
84%
U.S. (Florida) Allegiant Key West
84%
U.S. (Virginia) Allegiant, Breeze Airways Norfolk
84%
U.S. (Georgia) Allegiant Savannah
84%
U.S. (Florida) Allegiant Jacksonville
82%
U.S. (South Carolina) Southwest, Spirit, Allegiant Myrtle Beach
78%
U.S. (Florida) Allegiant St. Petersburg
78%
U.S. (Florida) Allegiant West Palm Beach
78%
U.S. (Florida) United, Southwest, Spirit Fort Myers
76%
U.S. (Florida) United Pensacola
73%
U.S. (South Carolina) United Hilton Head
67%
U.S. (Pennsylvania) Boutique Altoona
65%
U.S. (Florida) Southwest, Allegiant Sarasota
65%
U.S. (Florida) Allegiant Fort Walton Beach
63%
U.S. (West Virginia) Southern Airways Express Morgantown
63%
U.S. (South Dakota) Allegiant Rapid City
59%
U.S. (Florida) Allegiant Punta Gorda
55%
U.S. (Pennsylvania) Southern Airways Express Lancaster
53%
U.S. (Pennsylvania) Southern Airways Express DuBois
33%
U.S. (Pennsylvania) Southern Airways Express Bradford
31%
No matching quizzes found
Score Distribution
Percent of People with Each Score
Percentile by Number Answered
Your Score History
You have not taken this quiz